| 000 -LEADER |
| fixed length control field |
00591cam a22001337a 4500 |
| 008 - FIXED-LENGTH DATA ELEMENTS--GENERAL INFORMATION |
| fixed length control field |
180718b2011 xxu||||| |||| 00| 0 eng d |
| 082 ## - DEWEY DECIMAL CLASSIFICATION NUMBER |
| Classification number |
APPPA 2010-11/PED |
| 100 ## - MAIN ENTRY--PERSONAL NAME |
| Personal name |
Peddanna, V. |
| 245 ## - TITLE STATEMENT |
| Title |
Re-organisation of states and allocation of services: a study with special reference to re-organisation of Uttar Pradesh in 2000 |
| Statement of responsibility, etc. |
by V. Peddanna |
| 260 ## - PUBLICATION, DISTRIBUTION, ETC. |
| Place of publication, distribution, etc. |
New Delhi |
| Name of publisher, distributor, etc. |
Indian Institute of Public Administration |
| Date of publication, distribution, etc. |
2011 |
| 300 ## - PHYSICAL DESCRIPTION |
| Extent |
114p. |
| 500 ## - GENERAL NOTE |
| General note |
An APPPA M. Phil dissertation, 2010-11 (Guide: Prof. Dolly Arora) |
| 650 ## - SUBJECT ADDED ENTRY--TOPICAL TERM |
| Topical term or geographic name entry element |
Uttar Pradesh (India) --Administrative and political divisions |